| 000 | 00532nam a22001937a 4500 | ||
|---|---|---|---|
| 999 |
_c526937 _d526937 |
||
| 003 | NUST | ||
| 005 | 20190718050633.0 | ||
| 008 | 190718b ||||| |||| 00| 0 eng d | ||
| 038 | _aAttaullah. | ||
| 082 | _a658.4 | ||
| 100 |
_aWaheed, Adnan _917942 |
||
| 245 |
_aB2B Segmentation Strategy for Mobilink / _cAdnan Waheed. |
||
| 260 |
_aIslamabad : _bNBS - NUST, _c2014. |
||
| 300 |
_a98 p. : ill. ; _c30cm. |
||
| 500 | _aHard Cover. | ||
| 650 |
_aEMBA Thesis. _917645 |
||
| 700 |
_aDr. Ayesha Pervaiz. _917943 |
||
| 942 |
_2ddc _cTHE |
||